Mystery Capital City #3 - Statistics

General Stats
  • This quiz has been taken 133 times
  • The average score is 10 of 13
Answer Stats
Question Clues % Correct
Londonderry 2. It's the second biggest city in Northern Ireland. Some people call it Derry. What do others call it?
100%
1. What capital city lies just 55 km west of Bratislava? The Mystery Capital has a population of 933,596 people (Urban Area)
93%
Sofia 3. What European capital city is a common women's name?
89%
Karachi 4. What is the most populous city in Pakistan?
86%
The Mystery Capital is not the biggest city in its country
86%
Casablanca 5. What city was the setting of a WWII movie starring Humphrey Bogart?
82%
The Mystery Capital is host to 130 embassies
80%
The Mystery Capital is a bilingual city
77%
Robben Island 6. On what island was Nelson Mandela imprisoned for 18 years?
74%
The Mystery Capital is in either North or South America
66%
The Mystery Capital is:
52%
The Mystery Capital's nickname is Bytown
52%
Answer to Q1: Vienna Ottawa
42%
No matching quizzes found
Score Distribution
Percent of People with Each Score
Percentile by Number Answered
Your Score History
You have not taken this quiz